| 000 | 005100000a22001810004500 | ||
|---|---|---|---|
| 003 | MACL | ||
| 005 | 20160309124026.0 | ||
| 008 | 160309b xxu||||| |||| 00| 0 eng d | ||
| 040 |
_aMACL _cMACL |
||
| 041 | _aHindi | ||
| 082 | _a891.431 | ||
| 100 |
_aप्रभात श्री केदारनाथ _944016 |
||
| 245 | _aकैकेयी | ||
| 260 |
_bश्री अजन्ता प्रेस _aपटना |
||
| 350 | _a3 | ||
| 650 |
_aPoetry _944017 |
||
| 942 |
_cHIN _k891.431 _2ddc |
||
| 999 |
_c23951 _d23951 |
||